Zgadnij model samochodu #3 - Statystyki

Ogólne statystyki
  • Ten quiz został rozwiązany 27 razy
  • Średni wynik to 7 z 16
Statystyki odpowiedzi
Obrazkowy Odpowiedź % Poprawnych
Toyota Corolla
86%
Fiat Tipo
81%
Mercedes GLA
71%
Alfa Romeo Giulia
48%
Ferrari Testarossa
48%
Ford Fusion
48%
Bugatti Divo
43%
Bentley Bentayga
38%
Peugeot 208
33%
Renault Traffic
33%
Jaguar XE
29%
Skoda Scala
29%
Lancia Delta
24%
Volkswagen T-Roc
24%
Hyundai Kona
19%
Maserati MC20
5%
Nie znaleziono quizów pasujących do podanych kryteriów
Rozkład punktacji
Procent ludzi z każdym wynikiem
Percentyl według liczby udzielonych odpowiedzi
Twoja historia wyników
Nie rozwiązałeś tego quizu